Data science foundations : geometry and topology of complex hierarchic systems and big data analytics (Record no. 19060)

MARC details
000 -LEADER
fixed length control field 00698nam a2200217 a 4500
001 - CONTROL NUMBER
control field 156668
003 - CONTROL NUMBER IDENTIFIER
control field OSt
005 - DATE AND TIME OF LATEST TRANSACTION
control field 20211007165554.0
008 - FIXED-LENGTH DATA ELEMENTS--GENERAL INFORMATION
fixed length control field 190207 ### HIN
020 ## - INTERNATIONAL STANDARD BOOK NUMBER
International Standard Book Number 9781498763936
082 ## - DEWEY DECIMAL CLASSIFICATION NUMBER
Classification number 005.701514
Item number M96D
100 ## - MAIN ENTRY--PERSONAL NAME
Personal name Murtagh, Fionn
245 ## - TITLE STATEMENT
Title Data science foundations : geometry and topology of complex hierarchic systems and big data analytics
Statement of responsibility, etc by Fionn Murtagh
260 ## - PUBLICATION, DISTRIBUTION, ETC. (IMPRINT)
Place of publication, distribution, etc Boca Raton
Name of publisher, distributor, etc CRC Press
Date of publication, distribution, etc 2018
300 ## - PHYSICAL DESCRIPTION
Extent xviii, 205p.
490 ## - SERIES STATEMENT
Series statement Chapman & Hall/CRC computer science and data analysis series
653 ## - INDEX TERM--UNCONTROLLED
Uncontrolled term Mathematical analysis
653 ## - INDEX TERM--UNCONTROLLED
Uncontrolled term Spatial analysis (Statistics)
653 ## - INDEX TERM--UNCONTROLLED
Uncontrolled term Quantitative research
942 ## - ADDED ENTRY ELEMENTS (KOHA)
Source of classification or shelving scheme Dewey Decimal Classification
Koha item type Books
Holdings
Withdrawn status Lost status Source of classification or shelving scheme Damaged status Not for loan Collection code Home library Current library Date acquired Source of acquisition Full call number Barcode Date last seen Price effective from Koha item type
    Dewey Decimal Classification     General Text Book Central University Of Rajasthan Central University Of Rajasthan 07/02/2019 DSA 005.701514 M96D 31663 02/09/2020 02/09/2020 Books